<?xml version="1.0" encoding="UTF-8"?>
<collection xmlns="http://www.loc.gov/MARC21/slim">
 <record>
  <leader>01512nam a2200265 a 4500</leader>
  <controlfield tag="001">TVCDKTCT10643</controlfield>
  <controlfield tag="003">Thư viện trường Cao đẳng Kỹ thuật Cao Thắng</controlfield>
  <controlfield tag="005">20170525135106.5</controlfield>
  <controlfield tag="008">090422</controlfield>
  <datafield tag="980" ind1="\" ind2="\">
   <subfield code="a">Thư viện Trường CĐ Kỹ Thuật Cao Thắng</subfield>
  </datafield>
  <datafield tag="024" ind1=" " ind2=" ">
   <subfield code="a">RG_1 #1 eb0 i1</subfield>
  </datafield>
  <datafield tag="041" ind1="0" ind2="#">
   <subfield code="a">vie</subfield>
  </datafield>
  <datafield tag="082" ind1="#" ind2="#">
   <subfield code="a">413 / </subfield>
   <subfield code="b">T500Đ-n</subfield>
  </datafield>
  <datafield tag="245" ind1="0" ind2="0">
   <subfield code="a">Từ điển toán học và tin học Việt - Anh</subfield>
  </datafield>
  <datafield tag="246" ind1="0" ind2="1">
   <subfield code="a">Vietnamese- English dictionary of mathematics and informatics</subfield>
  </datafield>
  <datafield tag="250" ind1="#" ind2="#">
   <subfield code="a">In lần thứ 1</subfield>
  </datafield>
  <datafield tag="260" ind1="#" ind2="#">
   <subfield code="a">H. : </subfield>
   <subfield code="b">Khoa học và Kỹ thuật , </subfield>
   <subfield code="c">2006</subfield>
  </datafield>
  <datafield tag="300" ind1="#" ind2="#">
   <subfield code="a">860tr. ; </subfield>
   <subfield code="c">24cm</subfield>
  </datafield>
  <datafield tag="520" ind1="#" ind2="#">
   <subfield code="a">Cuốn từ điển có khoảng 70.000 thuật ngữ bao gồm gần như mọi chủ đề trong toán học, tin học và một số ngành có liên quan như cơ học, thống kê, vật lý... Thuật ngữ ở đây được biên soạn theo tiêu chí ngắn gọn, rõ nghĩa và được việt hóa tới mức tối đa nhằm đáp ứng nhu cầu ngày càng tăng của ạn đọc hiện nay về từ điển chuyên ngành đối chiếu Việt Anh.</subfield>
  </datafield>
  <datafield tag="650" ind1="#" ind2="4">
   <subfield code="a">Từ điển</subfield>
  </datafield>
  <datafield tag="650" ind1="#" ind2="4">
   <subfield code="a">Từ điển -- Tin học</subfield>
  </datafield>
  <datafield tag="650" ind1="#" ind2="4">
   <subfield code="a">Từ điển -- Toán học</subfield>
  </datafield>
  <datafield tag="650" ind1="#" ind2="4">
   <subfield code="a">Từ điển Việt - Anh</subfield>
  </datafield>
  <datafield tag="721" ind1="#" ind2="#">
   <subfield code="a">Công nghệ thông tin</subfield>
  </datafield>
  <datafield tag="841" ind1="#" ind2="#">
   <subfield code="b">Kho Sách </subfield>
   <subfield code="j">100030266, 100030312, 100030323, 100030364, 100030379</subfield>
  </datafield>
 </record>
</collection>
